[Event "Africa zt 4.2 op"]
[Site "Dimbokro"]
[Date "2023.03.30"]
[Round "8"]
[White "Abdulraheem, Abdulrahman Akintoy"]
[Black "Bobby, Ballah"]
[Result "1-0"]
[WhiteElo "2302"]
[BlackElo "1914"]
[PlyCount "113"]
[EventDate "2023.03.25"]
[EventType "swiss"]
[EventRounds "9"]
[EventCountry "IVO"]
[SourceTitle "CBM 213 Extra"]
[Source "ChessBase"]
[SourceDate "2023.05.31"]
[SourceVersion "1"]
[SourceVersionDate "2023.05.31"]
[SourceQuality "1"]

1. e4 e5 2. Nf3 Nc6 3. Bc4 Nf6 4. d3 Bc5 5. c3 h6 6. b4 Bb6 7. b5 Na5 8. Nxe5 0-0 9. 0-0 d6 10. Nxf7 Rxf7 11. Bxf7+ Kxf7 12. h3 Bd7 13. a4 Qe7 14. Re1 Rf8 15. d4 Kg8 16. Nd2 Qf7 17. Re3 a6 18. Qe2 Nh5 19. Rf3 Nf4 20. Qe3 c5 21. bxc6 Bxc6 22. Kh2 Bd8 23. g3 Bg5 24. gxf4 Bxf4+ 25. Rxf4 Qxf4+ 26. Qxf4 Rf6 27. Qf5 Rxf5 28. Nc4 Rxf2+ 29. Kg1 Nxc4 30. Kxf2 Bxe4 31. Bf4 g5 32. Bg3 Kf7 33. Ke2 Bc6 34. Rb1 h5 35. Kd3 d5 36. Bc7 Kg6 37. Bd8 Nd6 38. Rg1 Ne4 39. Bxg5 Nf2+ 40. Ke3 Nxh3 41. Rg3 Nxg5 42. Kf4 Kf6 43. Rxg5 h4 44. a5 h3 45. Rh5 Bd7 46. Rxd5 Bc6 47. Rh5 Bg2 48. Kg3 Ke6 49. c4 Bf1 50. c5 Bg2 51. Re5+ Kf6 52. Kh2 Bf1 53. Rd5 Bg2 54. Re5 Bf1 55. Kg3 Bg2 56. Rh5 Kg6 57. Rxh3 1-0

[Event "Olympiad-44"]
[Site "Chennai"]
[Date "2022.08.03"]
[Round "6.2"]
[White "Bobby, Ballah"]
[Black "Thing, Bibek"]
[Result "0-1"]
[WhiteElo "1916"]
[BlackElo "2260"]
[PlyCount "64"]
[EventDate "2022.07.29"]
[EventType "team-swiss"]
[EventRounds "11"]
[EventCountry "IND"]
[SourceTitle "CBM 210"]
[Source "ChessBase"]
[SourceDate "2022.10.31"]
[SourceVersion "1"]
[SourceVersionDate "2022.10.31"]
[SourceQuality "1"]
[WhiteTeam "Liberia"]
[BlackTeam "Nepal"]
[WhiteTeamCountry "LBR"]
[BlackTeamCountry "NEP"]

1. e4 c5 2. Nc3 g6 3. f4 Bg7 4. Nf3 a6 5. Bc4 b5 6. Bd5 Ra7 7. a3 c4 8. e5 e6 9. Be4 d5 10. exd6 f5 11. 0-0 Qxd6 12. Qe2 Nf6 13. Qe3 Rc7 14. Ba8 Ng4 15. Qe2 Ra7 16. Bd5 0-0 17. h3 Nf6 18. Qe3 Rff7 19. Ne5 Nxd5 20. Nxf7 Rxf7 21. Nxd5 Qxd5 22. c3 Bb7 23. Qg3 Nc6 24. a4 e5 25. d3 cxd3 26. axb5 Qxb5 27. fxe5 Nxe5 28. Rf2 Rd7 29. Be3 Nc4 30. Qb8+ Kf7 31. Bd4 d2 32. Re2 Be5 0-1

[Event "Olympiad-44"]
[Site "Chennai"]
[Date "2022.08.02"]
[Round "5.1"]
[White "Bobby, Ballah"]
[Black "Koumba Mounguengui, Jose Evrard"]
[Result "1-0"]
[WhiteElo "1916"]
[BlackElo "1942"]
[PlyCount "57"]
[EventDate "2022.07.29"]
[EventType "team-swiss"]
[EventRounds "11"]
[EventCountry "IND"]
[SourceTitle "CBM 210"]
[Source "ChessBase"]
[SourceDate "2022.10.31"]
[SourceVersion "1"]
[SourceVersionDate "2022.10.31"]
[SourceQuality "1"]
[WhiteTeam "Liberia"]
[BlackTeam "Gabun"]
[WhiteTeamCountry "LBR"]
[BlackTeamCountry "GAB"]

1. b3 e5 2. Bb2 Nc6 3. Nc3 d5 4. e3 Nf6 5. Qe2 Be6 6. 0-0-0 a6 7. Nf3 e4 8. Ng1 Bd6 9. f3 Qe7 10. Kb1 Ba3 11. Ba1 0-0 12. h3 Qb4 13. g4 d4 14. Nxe4 Nxe4 15. fxe4 Rfd8 16. Nf3 d3 17. Qf2 Na5 18. Bxd3 Rxd3 19. Nd4 Nxb3 20. cxb3 c5 21. Bc3 Qb6 22. Nxe6 Qxe6 23. Qf5 Qb6 24. Rhf1 Rf8 25. Kc2 Qb5 26. e5 c4 27. e6 Rd5 28. exf7+ Kh8 29. Bxg7+ 1-0

[Event "Lome zt 4.2"]
[Site "Lome"]
[Date "2022.03.24"]
[Round "6"]
[White "James, Tondo"]
[Black "Bobby, Ballah"]
[Result "1-0"]
[WhiteElo "1898"]
[BlackElo "2040"]
[PlyCount "57"]
[EventDate "2022.03.20"]
[EventType "swiss"]
[EventRounds "9"]
[EventCountry "TOG"]
[SourceTitle "EXT 2023"]
[Source "ChessBase"]
[SourceDate "2022.10.05"]
[SourceVersion "1"]
[SourceVersionDate "2022.10.05"]
[SourceQuality "1"]

1. Nf3 d5 2. b3 c5 3. Bb2 Nc6 4. d3 d4 5. e3 e5 6. exd4 cxd4 7. Qe2 Nf6 8. Nbd2 Bg4 9. h3 Bxf3 10. gxf3 Nd5 11. 0-0-0 b5 12. Re1 Bb4 13. Bxd4 Bxd2+ 14. Kxd2 Nxd4 15. Qxe5+ Ne6 16. f4 Qa5+ 17. Kc1 Rc8 18. f5 0-0 19. fxe6 Rxc2+ 20. Kxc2 Rc8+ 21. Kd1 Nc3+ 22. Kd2 f6 23. Qd4 Ne4+ 24. Ke2 Qd2+ 25. Kf3 Ng5+ 26. Kg3 Qxe1 27. Be2 Qa5 28. Qd7 Rd8 29. e7 1-0